Understanding GIS : (Record no. 546073)

000 -LEADER
fixed length control field 01249cam a2200289 a 4500
020 ## - INTERNATIONAL STANDARD BOOK NUMBER
International Standard Book Number 1879102005
082 ## - DEWEY DECIMAL CLASSIFICATION NUMBER
Classification number 623.893
Author Mark UND
-- N-01, P-119,P-92
245 00 - TITLE STATEMENT
Title Understanding GIS :
Remainder of title the ARC/INFO method.
260 ## - PUBLICATION, DISTRIBUTION, ETC.
Place of publication, distribution, etc. Redlands, CA, USA :
Name of publisher, distributor, etc. Environmental Systems Research Institute,
Date of publication, distribution, etc. c1990.
300 ## - PHYSICAL DESCRIPTION
Extent 1 v. (various pagings) :
Other physical details ill. (some col.) ;
Dimensions 24 cm.
500 ## - GENERAL NOTE
General note "David Rhind, Teresa Connolly and Birkbeck College, University of London ... compiled portions of this book"--Pref.
500 ## - GENERAL NOTE
General note "PC version."
526 ## - STUDY PROGRAM INFORMATION NOTE
Program name 0
Interest level 0
Reading level 0
Title point value 623_893000000000000_UND
526 ## - STUDY PROGRAM INFORMATION NOTE
Program name 0
Interest level 0
Reading level 0
Title point value 623_893000000000000_UND
650 #0 - SUBJECT ADDED ENTRY--TOPICAL TERM
Topical term or geographic name entry element Geographic information systems.
9 (RLIN) 6117
650 #0 - SUBJECT ADDED ENTRY--TOPICAL TERM
Topical term or geographic name entry element Geography
General subdivision Data processing.
9 (RLIN) 42108
650 #0 - SUBJECT ADDED ENTRY--TOPICAL TERM
Topical term or geographic name entry element Information storage and retrieval systems
General subdivision Geography.
9 (RLIN) 42109
650 #0 - SUBJECT ADDED ENTRY--TOPICAL TERM
Topical term or geographic name entry element NUST
9 (RLIN) 6342
650 #0 - SUBJECT ADDED ENTRY--TOPICAL TERM
Topical term or geographic name entry element PC ARC/INFO (Computer system)
9 (RLIN) 42110
700 1# - ADDED ENTRY--PERSONAL NAME
Personal name Connolly, Teresa.
9 (RLIN) 42111
700 1# - ADDED ENTRY--PERSONAL NAME
Personal name Rhind, David.
9 (RLIN) 42112
710 2# - ADDED ENTRY--CORPORATE NAME
Corporate name or jurisdiction name as entry element Birkbeck College.
9 (RLIN) 42113
710 2# - ADDED ENTRY--CORPORATE NAME
Corporate name or jurisdiction name as entry element Environmental Systems Research Institute (Redlands, Calif.)
9 (RLIN) 42114
856 42 - ELECTRONIC LOCATION AND ACCESS
Uniform Resource Identifier <a href="http://www.loc.gov/catdir/enhancements/fy0701/94137370-d.html">http://www.loc.gov/catdir/enhancements/fy0701/94137370-d.html</a>
856 42 - ELECTRONIC LOCATION AND ACCESS
Uniform Resource Identifier <a href="http://www.loc.gov/catdir/enhancements/fy0915/94137370-b.html">http://www.loc.gov/catdir/enhancements/fy0915/94137370-b.html</a>
942 ## - ADDED ENTRY ELEMENTS (KOHA)
Source of classification or shelving scheme
Koha item type Book
Holdings
Withdrawn status Lost status Source of classification or shelving scheme Damaged status Not for loan Permanent Location Current Location Date acquired Total Checkouts Full call number Barcode Date last seen Price effective from Koha item type
          Military College of Engineering (MCE) Military College of Engineering (MCE) 06/02/2014   623.893 UND MCE-38017 06/02/2014 06/02/2014 Book
          Military College of Engineering (MCE) Military College of Engineering (MCE) 08/26/2014   623.893 UND MCE-36424 08/26/2014 08/26/2014 Book
© 2023 Central Library, National University of Sciences and Technology. All Rights Reserved.